| 000 -LEADER |
| fixed length control field |
00653pam a2200193 a 4500 |
| 020 ## - INTERNATIONAL STANDARD BOOK NUMBER |
| ISBN |
0761402543 (set) |
| 040 ## - CATALOGING SOURCE |
| Transcribing agency |
DLC |
| 082 00 - DEWEY DECIMAL CLASSIFICATION NUMBER |
| Classification number |
574 MAR 1996 A023 Or. |
| 245 00 - TITLE STATEMENT |
| Title |
Encyclopedia of life sciences / |
| 260 ## - PUBLICATION, DISTRIBUTION, ETC. (IMPRINT) |
| Place of publication |
Tarrytown, N.Y. : |
| Name of publisher |
Marshall Cavendish Corp., |
| Year of publication |
c1996. |
| 300 ## - PHYSICAL DESCRIPTION |
| Number of Pages |
11 v. (1584 p.) : |
| Other physical details |
ill. (some col.), col. maps ; |
| Dimensions |
31 cm. |
| 520 ## - SUMMARY, ETC. |
| Summary, etc |
An encyclopedia covering the disciplines of zoology, botany, evolutionary science, medicine, physiology, human anatomy, cytology, and genetics. |
| 650 #0 - SUBJECT ADDED ENTRY--TOPICAL TERM |
| Topical Term |
Life sciences |
| 650 #0 - SUBJECT ADDED ENTRY--TOPICAL TERM |
| Topical Term |
Biology |
| 650 #1 - SUBJECT ADDED ENTRY--TOPICAL TERM |
| Topical Term |
Biology |
| 650 #1 - SUBJECT ADDED ENTRY--TOPICAL TERM |
| Topical Term |
Life sciences |
| 700 1# - ADDED ENTRY--PERSONAL NAME |
| Personal name |
O'Daly, Anne, |
| 942 ## - ADDED ENTRY ELEMENTS (KOHA) |
| Koha item type |
សៀវភៅភាសាអង់គ្លេស |
| 952 ## - LOCATION AND ITEM INFORMATION (KOHA) |
| Withdrawn status [LOCAL, KOHA] |
0 |